| 000 | 00873cam a22002174a 4500 | ||
|---|---|---|---|
| 005 | 20250605164248.0 | ||
| 008 | 250528s ||||||||||||||||||||||||d | ||
| 035 | _a21627 | ||
| 020 | _a9780273683476 | ||
| 040 |
_aGR-AtMCL _bgre _dGR-AtMCL _eAACR2 |
||
| 245 | 1 | _aMANAGEMENT CONSULTING | |
| 250 | _a1999 | ||
| 260 |
_bPrentice Hall, _c2004 |
||
| 300 | _a302 | ||
| 505 | 0 | _aTHE NATURE OF MANAGEMENT CONSULTING HOW CONSULTING ADDS VALUE TYPES OF MANAGEMENT CONSULTING PROJECT THE CONSULTING PROCESS THE SKILLS OF THE CONSULTANT THE PROJECT PROPOSAL AND THE PROJECT LOG | |
| 520 | _aTHE NATURE OF MANAGEMENT CONSULTING HOW CONSULTING ADDS VALUE TYPES OF MANAGEMENT CONSULTING PROJECT THE CONSULTING PROCESS THE SKILLS OF THE CONSULTANT THE PROJECT PROPOSAL AND THE PROJECT LOG | ||
| 700 | 1 |
_aWickham Philip _91432 |
|
| 942 | _cBK | ||
| 999 |
_c6688 _d6688 |
||